| 000 | 00369nam a2200145Ia 4500 | ||
|---|---|---|---|
| 008 | 130318s9999 xx 000 0 und d | ||
| 020 | _a0104070962340 | ||
| 082 | _a658.31124 SIJ/A | ||
| 100 | _aSijwali, B.S | ||
| 245 | _aArt and techniques of interviews | ||
| 260 |
_bArihant Publication _aMeerut |
||
| 300 | _a218 | ||
| 650 | _aJOB INTERVIEW | ||
| 700 | _aSijwali, Indu | ||
| 999 |
_c844 _d844 |
||